Southville International School and Colleges
Your cart is empty.
  • Cart
  • Lists
    Public lists Eva Luna New books Lux_list list_1
    Your lists Log in to create your own lists
  • Log in to your account
  • Your cookies
  • Search history
Southville International School and Colleges
  • Advanced search
  • Recent comments
  • Most popular
  • Libraries

Log in to your account

Log in with GOOGLE


If you do not have an external account, but do have a local account, you can still log in:

  1. Home
  2. MARC view: A clinical handbook for contemporary maternal-newborn nursing /
Normal view MARC view ISBD view

A clinical handbook for contemporary maternal-newborn nursing / (Record no. 283747)

[ view plain ]
MARC details
000 -LEADER
fixed length control field 01091nam a2200265 a 4500
001 - CONTROL NUMBER
control field MEB025883
003 - CONTROL NUMBER IDENTIFIER
control field PILC
005 - DATE AND TIME OF LATEST TRANSACTION
control field 20150309090456.0
008 - FIXED-LENGTH DATA ELEMENTS--GENERAL INFORMATION
fixed length control field
020 ## - INTERNATIONAL STANDARD BOOK NUMBER
International Standard Book Number 9810699565
050 ## - LIBRARY OF CONGRESS CALL NUMBER
Classification number RG 951
Item number .L124 2006
100 ## - MAIN ENTRY--PERSONAL NAME
Personal name Ladewig, Patricia A.
245 12 - TITLE STATEMENT
Title A clinical handbook for contemporary maternal-newborn nursing /
Statement of responsibility, etc Patricia A. Ladewig, Maria L. London and Michele R. Davidson.
250 ## - EDITION STATEMENT
Edition statement 6th ed.
260 ## - PUBLICATION, DISTRIBUTION, ETC. (IMPRINT)
Place of publication, distribution, etc Singapore :
Name of publisher, distributor, etc Pearson Education South Asia Pte Ltd.,
Date of publication, distribution, etc c2006.
300 ## - PHYSICAL DESCRIPTION
Extent vi, 471 pages :
Other physical details illustrations ;
Dimensions 13 cm.
500 ## - GENERAL NOTE
General note Includes index.
505 ## - FORMATTED CONTENTS NOTE
Miscellaneous information 1 The Anterpartal Client --
Title 2 The At-Risk Anterpartal Client --
-- 3 The Intrapartal Client --
-- 5 The Normal Newborn --
-- 6 The At-Risk Newborn --
-- 7 The Postpartal Client --
-- 8 Family Planning --
-- 9 Home Care of the Postpartal Family --
-- 10 The At-Risk Postpartal Client.
521 ## - TARGET AUDIENCE NOTE
Target audience note Nursing
650 ## - SUBJECT ADDED ENTRY--TOPICAL TERM
Topical term or geographic name as entry element Maternity nursing.
650 ## - SUBJECT ADDED ENTRY--TOPICAL TERM
Topical term or geographic name as entry element Maternal-Child Nursing.
700 ## - ADDED ENTRY--PERSONAL NAME
Personal name Davidson, Michele R.
700 ## - ADDED ENTRY--PERSONAL NAME
Personal name London, Maria L.
942 ## - ADDED ENTRY ELEMENTS (KOHA)
Source of classification or shelving scheme Library of Congress Classification
Koha item type Books
Holdings
Withdrawn status Lost status Source of classification or shelving scheme Damaged status Home library Current library Shelving location Date acquired Source of acquisition Sub Shelving location Total Checkouts Full call number Barcode Date last seen Price effective from Koha item type
    Library of Congress Classification   College Library College Library General Circulation Section 03/09/2015 Library Fund     RG 951 .L124 2006 C19214 05/15/2018 03/09/2015 Books

A clinical handbook for contemporary maternal-newborn nursing /

APA

Ladewig P. A., Davidson M. R. & London M. L. (2006). A clinical handbook for contemporary maternal-newborn nursing. Singapore: Pearson Education South Asia Pte Ltd.

Chicago

Ladewig Patricia A, Davidson Michele R and London Maria L. 2006. A clinical handbook for contemporary maternal-newborn nursing. Singapore: Pearson Education South Asia Pte Ltd.

Harvard

Ladewig P. A., Davidson M. R. and London M. L. (2006). A clinical handbook for contemporary maternal-newborn nursing. Singapore: Pearson Education South Asia Pte Ltd.

MLA

Ladewig Patricia A, Davidson Michele R and London Maria L. A clinical handbook for contemporary maternal-newborn nursing. Singapore: Pearson Education South Asia Pte Ltd. 2006.

  • Place hold
  • Print
  • Cite
  • Add to your cart (remove)
  • Save record
    BIBTEX Dublin Core MARCXML MARC (non-Unicode/MARC-8) MARC (Unicode/UTF-8) MARC (Unicode/UTF-8, Standard) MODS (XML) RIS
  • More searches
    Search for this title in:
    Other Libraries (WorldCat) Other Databases (Google Scholar) Online Stores (Bookfinder.com) Open Library (openlibrary.org)

Exporting to Dublin Core...

SOUTHVILLE LIBRARY

Southville International School and Colleges Library

1281 Tropical Ave. Cor. Luxembourg St., BF Homes International, Las Pinas City

Tel. No. 8256374 / 252358 Loc. 117/146

Powered by Koha